Library Logo

Practical approaches to development planning : (Record no. 63950)

000 -LEADER
fixed length control field 00677nam a22002177a 4500
003 - CONTROL NUMBER IDENTIFIER
control field BD-DhUL
005 - DATE AND TIME OF LATEST TRANSACTION
control field 20160512124158.0
008 - FIXED-LENGTH DATA ELEMENTS--GENERAL INFORMATION
fixed length control field 160512s1969 mdua|||| |||| 001 0 eng
020 ## - INTERNATIONAL STANDARD BOOK NUMBER
International Standard Book Number 801810612
040 ## - CATALOGING SOURCE
Original cataloging agency BD-DhUL
Transcribing agency BD-DhUL
082 ## - DEWEY DECIMAL CLASSIFICATION NUMBER
Classification number 330.9519
Item number ADP
245 ## - TITLE STATEMENT
Title Practical approaches to development planning :
Remainder of title Korea's second five year plan /
Statement of responsibility, etc. edited by Irma Adelman
260 ## - PUBLICATION, DISTRIBUTION, ETC. (IMPRINT)
Place of publication, distribution, etc. Baltimore,Maryland :
Name of publisher, distributor, etc. Johns Hopkins press,
Date of publication, distribution, etc. 1969
300 ## - PHYSICAL DESCRIPTION
Extent xiv, 306 p. :
Other physical details ill., ;
Dimensions 23 cm.
365 ## - TRADE PRICE
Price type code BDT
Price amount 144
500 ## - GENERAL NOTE
General note Includes index.
504 ## - BIBLIOGRAPHY, ETC. NOTE
Bibliography, etc Bibliography:p. 293-300
650 #0 - SUBJECT ADDED ENTRY--TOPICAL TERM
Topical term or geographic name as entry element Economic conditions
Geographic subdivision Korea
700 ## - ADDED ENTRY--PERSONAL NAME
Personal name Adelman, Irma
Relator term ed.
942 ## - ADDED ENTRY ELEMENTS (KOHA)
Source of classification or shelving scheme
Koha item type Books
Holdings
Price effective from Date last seen Permanent Location Not for loan Date acquired Source of classification or shelving scheme Koha item type Lost status Withdrawn status Source of acquisition Collection code Damaged status Shelving location Barcode Current Location Full call number
2016-05-122016-05-12Dhaka University Library 2016-05-12 Books  PurchasedNon Fiction General StacksA128716Dhaka University Library330.9519 ADP
Last Updated on September 15, 2019
© Dhaka University Library. All Rights Reserved|Staff Login